header

Operads and universal algebra (Record no. 94849)

MARC details
000 -LEADER
fixed length control field 01639nam a2200361 a 4500
245 10 - TITLE STATEMENT
Title Operads and universal algebra
260 ## - PUBLICATION, DISTRIBUTION, ETC. (IMPRINT)
Place of publication Singapore :
Name of publisher World Scientific Pub. Co.,
Year of publication 2012.
300 ## - PHYSICAL DESCRIPTION
Number of Pages xviii, 299 p. :
Other physical details ill.
490 1# - SERIES STATEMENT
Series statement Nankai series in pure, applied mathematics and theoretical physics ;
650 #0 - SUBJECT ADDED ENTRY--TOPICAL TERM
Topical Term Operads
Topical Term Algebra, Universal
700 1# - ADDED ENTRY--PERSONAL NAME
Personal name Bai, Chengming.
Personal name Guo, Li.
Personal name Loday, Jean-Louis.
856 40 - ELECTRONIC LOCATION AND ACCESS
Uniform Resource Identifier http://site.ebrary.com/lib/rucke/Doc?id=10563480

No items available.

© 2026 Rongo University
Contact us: librarian | system librarian | Rongo university